The Paris agreement: Deepening the climate crisis (Record no. 70895)

MARC details
000 -LEADER
fixed length control field 00390nam a2200145Ia 4500
100 ## - MAIN ENTRY--AUTHOR NAME
Personal name Jayaraman T
245 #4 - TITLE STATEMENT
Title The Paris agreement: Deepening the climate crisis
260 ## - PUBLICATION, DISTRIBUTION, ETC. (IMPRINT)
Name of publisher Economic and Political Weekly
Year of publication 2016
300 ## - PHYSICAL DESCRIPTION
Number of Pages 13-Oct
650 ## - SUBJECT ADDED ENTRY--TOPICAL TERM
Topical Term Climate change
650 ## - SUBJECT ADDED ENTRY--TOPICAL TERM
Topical Term Paris agreement
700 ## - ADDED ENTRY--PERSONAL NAME
Personal name Tejal Kanitkar
942 ## - ADDED ENTRY ELEMENTS (KOHA)
Koha item type Journals
Holdings
Withdrawn status Lost status Damaged status Not for loan Home library Current library Shelving location Date acquired Serial Enumeration / chronology Koha item type
      Journals RRII Library RRII Library Climate change 01/01/2021 Volume LI, Issue 3 Journals